000 00360nam a22001457a 4500
008 230321b ||||| |||| 00| 0 eng d
020 _a9780028659695
041 _aeng
080 _29780028659695
_a030
082 _a030DAR
100 _a42
101 _aENCIKO
245 _aINTERNATIONAL ENCYCLOPEDIA OF THE SOCIAL SCIENCES
_cDARITY A.W
942 _2udc
_cBK
999 _c59418
_d59418